Guess The Day Of The Week - 2022 - Statistics

General Stats
  • This quiz has been taken 44 times
  • The average score is 9 of 10
Answer Stats
Date Answer % Correct
January 14th Friday
100%
January 21st Friday
100%
February 11th Friday
100%
February 18th Friday
100%
March 11th Friday
100%
April 15th Friday
100%
May 6th Friday
100%
May 20th Friday
100%
May 27th Friday
100%
June 10th Friday
100%
June 17th Friday
100%
July 29th Friday
100%
August 26th Friday
100%
September 30th Friday
100%
October 14th Friday
100%
November 4th Friday
100%
November 11th Friday
100%
November 18th Friday
100%
November 25th Friday
100%
December 16th Friday
100%
January 3rd Monday
100%
January 24th Monday
100%
February 14th Monday
100%
February 28th Monday
100%
April 4th Monday
100%
April 11th Monday
100%
May 16th Monday
100%
May 30th Monday
100%
July 4th Monday
100%
July 25th Monday
100%
August 1st Monday
100%
August 8th Monday
100%
September 5th Monday
100%
September 12th Monday
100%
October 3rd Monday
100%
October 17th Monday
100%
October 31st Monday
100%
November 7th Monday
100%
November 14th Monday
100%
November 21st Monday
100%
December 5th Monday
100%
January 15th Saturday
100%
January 22nd Saturday
100%
January 29th Saturday
100%
February 19th Saturday
100%
April 2nd Saturday
100%
April 23rd Saturday
100%
May 7th Saturday
100%
May 14th Saturday
100%
June 4th Saturday
100%
June 25th Saturday
100%
August 6th Saturday
100%
September 3rd Saturday
100%
September 24th Saturday
100%
October 8th Saturday
100%
October 29th Saturday
100%
November 5th Saturday
100%
November 26th Saturday
100%
December 10th Saturday
100%
December 17th Saturday
100%
January 16th Sunday
100%
January 30th Sunday
100%
February 13th Sunday
100%
February 27th Sunday
100%
April 3rd Sunday
100%
April 10th Sunday
100%
April 17th Sunday
100%
May 1st Sunday
100%
May 8th Sunday
100%
May 15th Sunday
100%
May 22nd Sunday
100%
May 29th Sunday
100%
June 12th Sunday
100%
June 26th Sunday
100%
July 24th Sunday
100%
August 14th Sunday
100%
August 21st Sunday
100%
October 16th Sunday
100%
October 23rd Sunday
100%
November 6th Sunday
100%
November 27th Sunday
100%
December 4th Sunday
100%
December 11th Sunday
100%
December 25th Sunday
100%
January 20th Thursday
100%
January 27th Thursday
100%
February 3rd Thursday
100%
February 10th Thursday
100%
February 17th Thursday
100%
March 3rd Thursday
100%
March 10th Thursday
100%
April 21st Thursday
100%
May 12th Thursday
100%
June 2nd Thursday
100%
June 16th Thursday
100%
July 14th Thursday
100%
July 28th Thursday
100%
August 11th Thursday
100%
October 6th Thursday
100%
October 13th Thursday
100%
October 27th Thursday
100%
November 24th Thursday
100%
January 11th Tuesday
100%
January 18th Tuesday
100%
February 1st Tuesday
100%
February 22nd Tuesday
100%
March 1st Tuesday
100%
March 8th Tuesday
100%
March 15th Tuesday
100%
March 29th Tuesday
100%
April 5th Tuesday
100%
April 12th Tuesday
100%
April 26th Tuesday
100%
May 10th Tuesday
100%
May 17th Tuesday
100%
May 24th Tuesday
100%
June 21st Tuesday
100%
June 28th Tuesday
100%
July 12th Tuesday
100%
July 26th Tuesday
100%
August 9th Tuesday
100%
August 16th Tuesday
100%
September 6th Tuesday
100%
September 20th Tuesday
100%
October 25th Tuesday
100%
November 1st Tuesday
100%
November 8th Tuesday
100%
November 22nd Tuesday
100%
December 13th Tuesday
100%
December 27th Tuesday
100%
February 2nd Wednesday
100%
February 9th Wednesday
100%
April 6th Wednesday
100%
April 20th Wednesday
100%
May 4th Wednesday
100%
July 6th Wednesday
100%
August 10th Wednesday
100%
August 17th Wednesday
100%
August 31st Wednesday
100%
September 14th Wednesday
100%
September 21st Wednesday
100%
October 12th Wednesday
100%
November 2nd Wednesday
100%
November 16th Wednesday
100%
November 30th Wednesday
100%
June 3rd Friday
67%
March 24th Thursday
67%
July 1st Friday
50%
September 9th Friday
50%
May 21st Saturday
50%
October 22nd Saturday
50%
June 8th Wednesday
50%
January 2nd Sunday
0%
January 7th Friday
0%
January 28th Friday
0%
February 4th Friday
0%
February 25th Friday
0%
March 4th Friday
0%
March 18th Friday
0%
March 25th Friday
0%
April 1st Friday
0%
April 8th Friday
0%
April 22nd Friday
0%
April 29th Friday
0%
May 13th Friday
0%
June 24th Friday
0%
July 8th Friday
0%
July 15th Friday
0%
July 22nd Friday
0%
August 5th Friday
0%
August 12th Friday
0%
August 19th Friday
0%
September 2nd Friday
0%
September 16th Friday
0%
September 23rd Friday
0%
October 7th Friday
0%
October 21st Friday
0%
October 28th Friday
0%
December 2nd Friday
0%
December 9th Friday
0%
December 23rd Friday
0%
December 30th Friday
0%
January 10th Monday
0%
January 17th Monday
0%
January 31st Monday
0%
February 7th Monday
0%
February 21st Monday
0%
March 7th Monday
0%
March 14th Monday
0%
March 21st Monday
0%
March 28th Monday
0%
April 18th Monday
0%
April 25th Monday
0%
May 2nd Monday
0%
May 9th Monday
0%
May 23rd Monday
0%
June 6th Monday
0%
June 13th Monday
0%
June 20th Monday
0%
June 27th Monday
0%
July 11th Monday
0%
July 18th Monday
0%
August 15th Monday
0%
August 22nd Monday
0%
August 29th Monday
0%
September 19th Monday
0%
September 26th Monday
0%
October 10th Monday
0%
October 24th Monday
0%
November 28th Monday
0%
December 12th Monday
0%
December 19th Monday
0%
December 26th Monday
0%
January 1st Saturday
0%
January 8th Saturday
0%
February 5th Saturday
0%
February 12th Saturday
0%
February 26th Saturday
0%
March 5th Saturday
0%
March 12th Saturday
0%
March 19th Saturday
0%
March 26th Saturday
0%
April 9th Saturday
0%
April 16th Saturday
0%
April 30th Saturday
0%
May 28th Saturday
0%
June 11th Saturday
0%
June 18th Saturday
0%
July 2nd Saturday
0%
July 9th Saturday
0%
July 16th Saturday
0%
July 23rd Saturday
0%
July 30th Saturday
0%
August 13th Saturday
0%
August 20th Saturday
0%
August 27th Saturday
0%
September 10th Saturday
0%
September 17th Saturday
0%
October 1st Saturday
0%
October 15th Saturday
0%
November 12th Saturday
0%
November 19th Saturday
0%
December 3rd Saturday
0%
December 24th Saturday
0%
December 31st Saturday
0%
January 9th Sunday
0%
January 23rd Sunday
0%
February 6th Sunday
0%
February 20th Sunday
0%
March 6th Sunday
0%
March 13th Sunday
0%
March 20th Sunday
0%
March 27th Sunday
0%
April 24th Sunday
0%
June 5th Sunday
0%
June 19th Sunday
0%
July 3rd Sunday
0%
July 10th Sunday
0%
July 17th Sunday
0%
July 31st Sunday
0%
August 7th Sunday
0%
August 28th Sunday
0%
September 4th Sunday
0%
September 11th Sunday
0%
September 18th Sunday
0%
September 25th Sunday
0%
October 2nd Sunday
0%
October 9th Sunday
0%
October 30th Sunday
0%
November 13th Sunday
0%
November 20th Sunday
0%
December 18th Sunday
0%
January 6th Thursday
0%
January 13th Thursday
0%
February 24th Thursday
0%
March 17th Thursday
0%
March 31st Thursday
0%
April 7th Thursday
0%
April 14th Thursday
0%
April 28th Thursday
0%
May 5th Thursday
0%
May 19th Thursday
0%
May 26th Thursday
0%
June 9th Thursday
0%
June 23rd Thursday
0%
June 30th Thursday
0%
July 7th Thursday
0%
July 21st Thursday
0%
August 4th Thursday
0%
August 18th Thursday
0%
August 25th Thursday
0%
September 1st Thursday
0%
September 8th Thursday
0%
September 15th Thursday
0%
September 22nd Thursday
0%
September 29th Thursday
0%
October 20th Thursday
0%
November 3rd Thursday
0%
November 10th Thursday
0%
November 17th Thursday
0%
December 1st Thursday
0%
December 8th Thursday
0%
December 15th Thursday
0%
December 22nd Thursday
0%
December 29th Thursday
0%
January 4th Tuesday
0%
January 25th Tuesday
0%
February 8th Tuesday
0%
February 15th Tuesday
0%
March 22nd Tuesday
0%
April 19th Tuesday
0%
May 3rd Tuesday
0%
May 31st Tuesday
0%
June 7th Tuesday
0%
June 14th Tuesday
0%
July 5th Tuesday
0%
July 19th Tuesday
0%
August 2nd Tuesday
0%
August 23rd Tuesday
0%
August 30th Tuesday
0%
September 13th Tuesday
0%
September 27th Tuesday
0%
October 4th Tuesday
0%
October 11th Tuesday
0%
October 18th Tuesday
0%
November 15th Tuesday
0%
November 29th Tuesday
0%
December 6th Tuesday
0%
December 20th Tuesday
0%
January 5th Wednesday
0%
January 12th Wednesday
0%
January 19th Wednesday
0%
January 26th Wednesday
0%
February 16th Wednesday
0%
February 23rd Wednesday
0%
March 2nd Wednesday
0%
March 9th Wednesday
0%
March 16th Wednesday
0%
March 23rd Wednesday
0%
March 30th Wednesday
0%
April 13th Wednesday
0%
April 27th Wednesday
0%
May 11th Wednesday
0%
May 18th Wednesday
0%
May 25th Wednesday
0%
June 1st Wednesday
0%
June 15th Wednesday
0%
June 22nd Wednesday
0%
June 29th Wednesday
0%
July 13th Wednesday
0%
July 20th Wednesday
0%
July 27th Wednesday
0%
August 3rd Wednesday
0%
August 24th Wednesday
0%
September 7th Wednesday
0%
September 28th Wednesday
0%
October 5th Wednesday
0%
October 19th Wednesday
0%
October 26th Wednesday
0%
November 9th Wednesday
0%
November 23rd Wednesday
0%
December 7th Wednesday
0%
December 14tth Wednesday
0%
December 21st Wednesday
0%
December 28th Wednesday
0%
No matching quizzes found
Score Distribution
Percent of People with Each Score
Percentile by Number Answered
Your Score History
You have not taken this quiz